<?xml version="1.0" encoding="UTF-8"?>
<record
    xmlns:xsi="http://www.w3.org/2001/XMLSchema-instance"
    xsi:schemaLocation="http://www.loc.gov/MARC21/slim http://www.loc.gov/standards/marcxml/schema/MARC21slim.xsd"
    xmlns="http://www.loc.gov/MARC21/slim">

  <leader>02596aam a2200361 i 4500</leader>
  <controlfield tag="001">vtls000813985</controlfield>
  <controlfield tag="003">PNM</controlfield>
  <controlfield tag="005">20200715100521.0</controlfield>
  <controlfield tag="008">160908s2016    my     g      000 j eng  </controlfield>
  <datafield tag="015" ind1=" " ind2=" ">
    <subfield code="a">M17-00488</subfield>
  </datafield>
  <datafield tag="020" ind1=" " ind2=" ">
    <subfield code="a">9789674603984</subfield>
    <subfield code="q">paperback</subfield>
    <subfield code="c">RM25.00</subfield>
  </datafield>
  <datafield tag="039" ind1=" " ind2="9">
    <subfield code="a">201802140814</subfield>
    <subfield code="b">irfah</subfield>
    <subfield code="c">201802121053</subfield>
    <subfield code="d">hazwani</subfield>
    <subfield code="c">201706081422</subfield>
    <subfield code="d">habirah</subfield>
    <subfield code="c">201703281507</subfield>
    <subfield code="d">rasidah</subfield>
  </datafield>
  <datafield tag="040" ind1=" " ind2=" ">
    <subfield code="a">BNM</subfield>
    <subfield code="b">eng</subfield>
    <subfield code="c">BNM</subfield>
    <subfield code="d">PNM</subfield>
    <subfield code="d">PPAK</subfield>
    <subfield code="e">rda</subfield>
  </datafield>
  <datafield tag="049" ind1=" " ind2=" ">
    <subfield code="a">klpmal</subfield>
  </datafield>
  <datafield tag="082" ind1="0" ind2="4">
    <subfield code="a">823</subfield>
    <subfield code="2">23</subfield>
  </datafield>
  <datafield tag="090" ind1="0" ind2="0">
    <subfield code="a">823</subfield>
    <subfield code="b">MAL</subfield>
    <subfield code="d">G</subfield>
  </datafield>
  <datafield tag="100" ind1="0" ind2=" ">
    <subfield code="a">Malim Ghozali PK,</subfield>
    <subfield code="d">1949-</subfield>
    <subfield code="e">author.</subfield>
  </datafield>
  <datafield tag="245" ind1="1" ind2="2">
    <subfield code="a">A Collection of Short Stories :</subfield>
    <subfield code="b">SONG OF SEPTEMBER /</subfield>
    <subfield code="c">MALIM GHAZALI PK</subfield>
  </datafield>
  <datafield tag="264" ind1=" " ind2="1">
    <subfield code="a">Kuala Lumpur :</subfield>
    <subfield code="b">Institut Terjemahan &amp; Buku Malaysia,</subfield>
    <subfield code="c">2016</subfield>
  </datafield>
  <datafield tag="300" ind1=" " ind2=" ">
    <subfield code="a">vi, 227 pages ;</subfield>
    <subfield code="c">19 cm.</subfield>
  </datafield>
  <datafield tag="336" ind1=" " ind2=" ">
    <subfield code="a">text</subfield>
    <subfield code="2">rdacontent</subfield>
  </datafield>
  <datafield tag="337" ind1=" " ind2=" ">
    <subfield code="a">unmediated</subfield>
    <subfield code="2">rdamedia</subfield>
  </datafield>
  <datafield tag="338" ind1=" " ind2=" ">
    <subfield code="a">volume</subfield>
    <subfield code="2">rdacarrier</subfield>
  </datafield>
  <datafield tag="520" ind1=" " ind2=" ">
    <subfield code="a">Song of September showcases twenty short stories encompassing varied subjects and characters. Whether malim portrays the common man, the marginal and the ostracised - the sailor, cobbler, the mentally deranged right up to the minister, king or a religious teacher, the inclination towards universal humanism is evident. Malim collages the pieces from the entire crevices of man&#x2019;s livelihood whether they are professors or the district officer, the hobos and the lgbt community, the espouse the experiences as a reminder to the present generation, especially on issues that the hues in the corridor of history. Although several short stories in this collection are experimental in nature like &#x201C;o&#x201D; and &#x201C;room x&#x201D;, they are experiment in substance rather than structure. Malim is never an armchair writer. He romps the field to observe what he is looking for - stories that depict the cross section of life - the farmer, the vagabond, and the inexplicable love and relationship. As a result, malim travelled the corners of the world, and thus short stories like &#x201C;I&#x2019;m Here, Love&#x201D;, &#x201C;When It Rains In Bogor&#x201D;, &#x201C;At Suryadi&#x2019;s Kantoor&#x201D;, &#x201C;Nyet&#x201D; and &#x201C;Song Of September&#x201D; were penned. Malim also forays into the world of neurosis, seldom touched by other fiction writer, such as in &#x201C;o&#x201D; and &#x201C;The Port&#x201D;. Above all, short stories in this collection provide the window into Malim&#x2019;s aesthetic strength in the realm of fiction.</subfield>
  </datafield>
  <datafield tag="650" ind1="1" ind2="0">
    <subfield code="a">Short stories, English</subfield>
  </datafield>
  <datafield tag="650" ind1="2" ind2="0">
    <subfield code="a">Malaysian fiction (English)</subfield>
  </datafield>
  <datafield tag="942" ind1=" " ind2=" ">
    <subfield code="2">ddc</subfield>
    <subfield code="c">B</subfield>
  </datafield>
  <datafield tag="949" ind1=" " ind2=" ">
    <subfield code="6">2000469757</subfield>
    <subfield code="a">823 MAL M</subfield>
  </datafield>
  <datafield tag="949" ind1=" " ind2=" ">
    <subfield code="6">2000469756</subfield>
    <subfield code="a">823 MAL M</subfield>
  </datafield>
  <datafield tag="949" ind1=" " ind2=" ">
    <subfield code="6">1001302080</subfield>
    <subfield code="e">2476235</subfield>
  </datafield>
  <datafield tag="949" ind1=" " ind2=" ">
    <subfield code="6">1001302081</subfield>
    <subfield code="e">2476236</subfield>
  </datafield>
  <datafield tag="949" ind1=" " ind2=" ">
    <subfield code="6">1001302082</subfield>
    <subfield code="e">2476237</subfield>
  </datafield>
  <datafield tag="999" ind1=" " ind2=" ">
    <subfield code="c">178241</subfield>
    <subfield code="d">178241</subfield>
  </datafield>
  <datafield tag="952" ind1=" " ind2=" ">
    <subfield code="0">0</subfield>
    <subfield code="7">0</subfield>
    <subfield code="b">LW</subfield>
    <subfield code="c">G</subfield>
    <subfield code="d">2020-07-28</subfield>
    <subfield code="o">823 MAL</subfield>
    <subfield code="p">A00739225</subfield>
    <subfield code="r">2020-07-28 00:00:00</subfield>
    <subfield code="y">B</subfield>
  </datafield>
</record>
